[Event "22nd Ruzomberok Open 2019"]
[Site "Ruzomberok"]
[Date "2019.07.05"]
[Round "7.18"]
[White "Taragelova, Martina"]
[Black "Tomanek, Rafael"]
[Result "1/2-1/2"]
[WhiteElo "1719"]
[BlackElo "1880"]
[Annotator "NA"]
[PlyCount "134"]
[EventDate "2019.06.29"]
[EventType "swiss"]
[EventCountry "SVK"]
[SourceTitle "playchess.com"]
[Source "ChessBase"]
[SourceQuality "1"]
[TimeControl "40/5400+30:1800+30"]

1. e4 {[%emt 0:00:00]} c6 {[%emt 0:00:00]} 2. d4 {[%emt 0:00:07]} d5 {[%emt 0:00:00]} 3. exd5 {[%emt 0:00:22]} cxd5 {[%emt 0:00:00]} 4. c4 {[%emt 0:00:14]} Nf6 {[%emt 0:00:00]} 5. Nc3 {[%emt 0:00:22]} e6 {[%emt 0:00:00]} 6. Nf3 {[%emt 0:00:21]} Bb4 {[%emt 0:00:13]} 7. cxd5 {[%emt 0:00:34]} Nxd5 {[%emt 0:00:13]} 8. Bd2 {[%emt 0:00:15]} Nc6 {[%emt 0:00:36]} 9. Bd3 {[%emt 0:01:30]} O-O {[%emt 0:00:20]} 10. O-O {[%emt 0:00:23]} Be7 {[%emt 0:02:48]} 11. a3 {[%emt 0:00:25]} Bf6 {[%emt 0:00:25]} 12. Qc2 {[%emt 0:00:51]} g6 {[%emt 0:00:12]} 13. Bh6 {[%emt 0:00:44]} Bg7 {[%emt 0:00:26]} 14. Bxg7 {[%emt 0:01:26]} Kxg7 {[%emt 0:00:11]} 15. Rad1 {[%emt 0:02:21]} Bd7 {[%emt 0:09:36]} 16. Qd2 {[%emt 0:09:03]} Nce7 {[%emt 0:05:32]} 17. Ne5 {[%emt 0:06:09]} Nf6 {[%emt 0:11:42]} 18. Bb1 {[%emt 0:10:27]} Rc8 {[%emt 0:06:15]} 19. Rfe1 {[%emt 0:02:09]} Ned5 {[%emt 0:13:20]} 20. Nxd5 {[%emt 0:06:38]} Nxd5 {[%emt 0:01:41]} 21. Re4 {[%emt 0:07:27]} Bc6 {[%emt 0:05:37]} 22. Rg4 {[%emt 0:05:14]} Qf6 {[%emt 0:11:25]} 23. Rg3 {[%emt 0:10:23]} Kh8 {[%emt 0:02:52]} 24. Rf3 {[%emt 0:08:11]} Qg7 {[%emt 0:00:47]} 25. Rh3 {[%emt 0:01:04]} Rc7 {[%emt 0:06:44]} 26. Nf3 {[%emt 0:05:51]} f6 {[%emt 0:06:12]} 27. Rh6 {[%emt 0:10:35]} Be8 {[%emt 0:05:59]} 28. Rh4 {[%emt 0:02:19]} Bf7 {[%emt 0:01:10]} 29. Be4 {[%emt 0:01:22]} Rd8 {[%emt 0:00:54]} 30. Bxd5 {[%emt 0:02:35]} Rxd5 {[%emt 0:00:22]} 31. Re4 {[%emt 0:00:19]} Rcd7 {[%emt 0:00:51]} 32. Qc3 {[%emt 0:01:35]} Qf8 {[%emt 0:01:30]} 33. Re2 {[%emt 0:01:08]} Qd8 {[%emt 0:01:40]} 34. Rc1 {[%emt 0:01:05]} R5d6 {[%emt 0:00:54]} 35. Qc8 {[%emt 0:01:02]} Qxc8 {[%emt 0:00:52]} 36. Rxc8+ {[%emt 0:00:06]} Rd8 {[%emt 0:01:05]} 37. Rc7 {[%emt 0:00:51]} R8d7 {[%emt 0:01:00]} 38. Rc8+ {[%emt 0:00:51]} Kg7 {[%emt 0:01:09]} 39. h3 {[%emt 0:00:20]} g5 {[%emt 0:02:20]} 40. Rec2 {[%emt 0:01:46]} Bg6 {[%emt 0:00:25]} 41. R2c7 {[%emt 0:30:51]} Be4 {[%emt 0:31:00]} 42. Rxd7+ {[%emt 0:00:51]} Rxd7 {[%emt 0:00:05]} 43. Kh2 {[%emt 0:00:00]} Bxf3 {[%emt 0:00:00]} 44. gxf3 {[%emt 0:00:00]} Kg6 {[%emt 0:00:00]} 45. Rb8 {[%emt 0:00:00]} Kf5 {[%emt 0:00:00]} 46. Kg3 {[%emt 0:00:00]} h5 {[%emt 0:00:00]} 47. Rf8 {[%emt 0:00:00]} h4+ {[%emt 0:00:00]} 48. Kg2 {[%emt 0:00:00]} a6 {[%emt 0:00:00]} 49. Rb8 {[%emt 0:00:00]} Kf4 {[%emt 0:00:00]} 50. Re8 {[%emt 0:00:00]} Rd6 {[%emt 0:00:00]} 51. Re7 {[%emt 0:00:00]} b6 {[%emt 0:00:00]} 52. Ra7 {[%emt 0:00:00]} a5 {[%emt 0:00:00]} 53. Re7 {[%emt 0:00:00]} Kf5 {[%emt 0:00:00]} 54. Rb7 {[%emt 0:00:00]} Kf4 {[%emt 0:00:00]} 55. Re7 {[%emt 0:00:00]} Kf5 {[%emt 0:00:00]} 56. Rb7 {[%emt 0:00:00]} a4 {[%emt 0:00:00]} 57. Rb8 {[%emt 0:00:00]} Kf4 {[%emt 0:00:00]} 58. Re8 {[%emt 0:00:00]} b5 {[%emt 0:00:00]} 59. Rb8 {[%emt 0:00:00]} Rd5 {[%emt 0:00:00]} 60. Rb6 {[%emt 0:00:00]} Kf5 {[%emt 0:00:00]} 61. Rb8 {[%emt 0:00:00]} Kg6 {[%emt 0:00:00]} 62. Rb6 {[%emt 0:00:00]} Kf7 {[%emt 0:00:00]} 63. Rb7+ {[%emt 0:00:00]} Ke8 {[%emt 0:00:00]} 64. Kf1 {[%emt 0:00:00]} e5 {[%emt 0:00:27]} 65. dxe5 {[%emt 0:00:00]} Rxe5 {[%emt 0:00:09]} 66. Kg2 {[%emt 0:00:00]} Kd8 {[%emt 0:04:23]} 67. f4 {[%emt 0:00:55]} Rf5 {[%emt 0:01:39]} 1/2-1/2

[Event "22nd Ruzomberok Open 2019"]
[Site "Ruzomberok"]
[Date "2019.07.05"]
[Round "7.19"]
[White "Stanko, Ivan"]
[Black "Kapicakova, Lucia"]
[Result "1/2-1/2"]
[WhiteElo "1859"]
[BlackElo "1776"]
[Annotator "NA"]
[PlyCount "46"]
[EventDate "2019.06.29"]
[EventType "swiss"]
[EventCountry "SVK"]
[SourceTitle "playchess.com"]
[Source "ChessBase"]
[SourceQuality "1"]
[TimeControl "40/5400+30:1800+30"]

1. e4 {[%emt 0:00:00]} c6 {[%emt 0:00:00]} 2. d4 {[%emt 0:00:00]} d5 {[%emt 0:00:00]} 3. e5 {[%emt 0:00:26]} Bf5 {[%emt 0:00:00]} 4. Nf3 {[%emt 0:00:25]} e6 {[%emt 0:00:06]} 5. Be2 {[%emt 0:00:07]} Bb4+ {[%emt 0:00:18]} 6. c3 {[%emt 0:01:06]} Ba5 {[%emt 0:00:11]} 7. O-O {[%emt 0:00:28]} Nd7 {[%emt 0:00:42]} 8. Nbd2 {[%emt 0:00:40]} Bc7 {[%emt 0:00:49]} 9. Nb3 {[%emt 0:01:13]} f6 {[%emt 0:06:38]} 10. Bf4 {[%emt 0:08:03]} Qb8 {[%emt 0:06:09]} 11. exf6 {[%emt 0:02:49]} Ngxf6 {[%emt 0:00:43]} 12. Bxc7 {[%emt 0:00:51]} Qxc7 {[%emt 0:00:09]} 13. Nh4 {[%emt 0:04:02]} O-O {[%emt 0:15:08]} 14. c4 {[%emt 0:08:10]} h6 {[%emt 0:10:39]} 15. cxd5 {[%emt 0:00:46]} Nxd5 {[%emt 0:00:28]} 16. Bd3 {[%emt 0:01:02]} Bxd3 {[%emt 0:05:40]} 17. Qxd3 {[%emt 0:00:09]} e5 {[%emt 0:13:36]} 18. Ng6 {[%emt 0:02:16]} Rfe8 {[%emt 0:17:43]} 19. Rfe1 {[%emt 0:03:20]} exd4 {[%emt 0:01:48]} 20. Nxd4 {[%emt 0:00:13]} Ne5 {[%emt 0:01:20]} 21. Nxe5 {[%emt 0:01:18]} Rxe5 {[%emt 0:00:24]} 22. Nf3 {[%emt 0:00:14]} Ree8 {[%emt 0:02:17]} 23. Rac1 {[%emt 0:03:51]} Nf6 {[%emt 0:01:52]} 1/2-1/2

[Event "22nd Ruzomberok Open 2019"]
[Site "Ruzomberok"]
[Date "2019.07.05"]
[Round "7.20"]
[White "Marsina, Stefan"]
[Black "Kukan, Michal"]
[Result "1-0"]
[WhiteElo "1857"]
[BlackElo "1698"]
[Annotator "NA"]
[PlyCount "83"]
[EventDate "2019.06.29"]
[EventType "swiss"]
[EventCountry "SVK"]
[SourceTitle "playchess.com"]
[Source "ChessBase"]
[SourceQuality "1"]
[TimeControl "40/5400+30:1800+30"]

1. d4 {[%emt 0:00:00]} Nf6 {[%emt 0:00:00]} 2. Nf3 {[%emt 0:00:00]} d6 {[%emt 0:00:17]} 3. Bg5 {[%emt 0:01:14]} Nbd7 {[%emt 0:00:28]} 4. e3 {[%emt 0:02:12]} e5 {[%emt 0:05:47]} 5. Nc3 {[%emt 0:08:06]} c6 {[%emt 0:02:29]} 6. Be2 {[%emt 0:03:58]} Qa5 {[%emt 0:01:24]} 7. Bh4 {[%emt 0:07:15]} Ne4 {[%emt 0:06:14]} 8. Qd3 {[%emt 0:05:31]} d5 {[%emt 0:11:44]} 9. O-O {[%emt 0:07:01]} Nxc3 {[%emt 0:05:28]} 10. Qxc3 {[%emt 0:00:21]} Bb4 {[%emt 0:01:43]} 11. Qb3 {[%emt 0:00:31]} e4 {[%emt 0:03:03]} 12. Ne1 {[%emt 0:01:17]} h6 {[%emt 0:08:45]} 13. c4 {[%emt 0:08:49]} g5 {[%emt 0:05:44]} 14. Bg3 {[%emt 0:00:09]} Be7 {[%emt 0:03:29]} 15. cxd5 {[%emt 0:02:21]} cxd5 {[%emt 0:04:57]} 16. f3 {[%emt 0:03:46]} Qd2 {[%emt 0:10:09]} 17. Rf2 {[%emt 0:01:40]} O-O {[%emt 0:02:55]} 18. fxe4 {[%emt 0:03:48]} Nf6 {[%emt 0:04:46]} 19. Bf3 {[%emt 0:03:12]} Qa5 {[%emt 0:00:51]} 20. exd5 {[%emt 0:00:43]} g4 {[%emt 0:00:37]} 21. d6 {[%emt 0:06:47]} Bd8 {[%emt 0:06:54]} 22. Be2 {[%emt 0:00:56]} Ne4 {[%emt 0:00:26]} 23. Rf1 {[%emt 0:05:58]} Nxg3 {[%emt 0:00:50]} 24. hxg3 {[%emt 0:00:02]} Be6 {[%emt 0:01:35]} 25. Bc4 {[%emt 0:01:17]} Bxc4 {[%emt 0:00:44]} 26. Qxc4 {[%emt 0:00:03]} Bg5 {[%emt 0:00:18]} 27. Qd3 {[%emt 0:05:39]} Rae8 {[%emt 0:00:53]} 28. e4 {[%emt 0:01:01]} Qb6 {[%emt 0:00:27]} 29. Rf5 {[%emt 0:10:33]} Qxd6 {[%emt 0:00:33]} 30. Nc2 {[%emt 0:00:53]} Rc8 {[%emt 0:00:51]} 31. Rd5 {[%emt 0:01:49]} Qe6 {[%emt 0:00:52]} 32. Ne3 {[%emt 0:01:25]} Qb6 {[%emt 0:01:31]} 33. b3 {[%emt 0:01:39]} Qb4 {[%emt 0:00:29]} 34. Nc4 {[%emt 0:01:05]} b5 {[%emt 0:02:27]} 35. Ne5 {[%emt 0:00:59]} Rc3 {[%emt 0:05:27]} 36. Qd1 {[%emt 0:01:24]} Be3+ {[%emt 0:00:33]} 37. Kh2 {[%emt 0:00:31]} h5 {[%emt 0:00:18]} 38. Nd7 {[%emt 0:01:37]} Rfc8 {[%emt 0:01:41]} 39. Rxh5 {[%emt 0:01:42]} f6 {[%emt 0:00:44]} 40. Qxg4+ {[%emt 0:00:37]} Kf7 {[%emt 0:01:05]} 41. Rh7+ {[%emt 0:30:35]} Ke8 {[%emt 0:30:18]} 42. Qg8+ {[%emt 0:00:11] Ra8} 1-0

[Event "22nd Ruzomberok Open 2019"]
[Site "Ruzomberok"]
[Date "2019.07.05"]
[Round "7.21"]
[White "Horbal, Jozef"]
[Black "Pasztor, Ladislav"]
[Result "1/2-1/2"]
[WhiteElo "1660"]
[BlackElo "1857"]
[Annotator "NA"]
[PlyCount "134"]
[EventDate "2019.06.29"]
[EventType "swiss"]
[EventCountry "SVK"]
[SourceTitle "playchess.com"]
[Source "ChessBase"]
[SourceQuality "1"]
[TimeControl "40/5400+30:1800+30"]

1. e4 {[%emt 0:00:00]} e5 {[%emt 0:01:46]} 2. Nf3 {[%emt 0:00:00]} d6 {[%emt 0:00:18]} 3. d4 {[%emt 0:02:11]} exd4 {[%emt 0:00:15]} 4. Nxd4 {[%emt 0:00:28]} Be7 {[%emt 0:04:39]} 5. Nc3 {[%emt 0:00:31]} Nf6 {[%emt 0:03:07]} 6. Be2 {[%emt 0:00:53]} Nbd7 {[%emt 0:05:36]} 7. h3 {[%emt 0:03:06]} Nc5 {[%emt 0:04:49]} 8. Bf3 {[%emt 0:04:18]} c6 {[%emt 0:03:43]} 9. Be3 {[%emt 0:03:47]} Qc7 {[%emt 0:01:35]} 10. O-O {[%emt 0:04:31]} Be6 {[%emt 0:10:36]} 11. Nxe6 {[%emt 0:09:54]} Nxe6 {[%emt 0:01:31]} 12. a4 {[%emt 0:06:10]} a5 {[%emt 0:05:31]} 13. Qd2 {[%emt 0:03:33]} Rd8 {[%emt 0:02:55]} 14. Rad1 {[%emt 0:04:22]} O-O {[%emt 0:02:19]} 15. Qe2 {[%emt 0:03:10]} Nd7 {[%emt 0:02:23]} 16. Bg4 {[%emt 0:07:34]} Ne5 {[%emt 0:03:24]} 17. f4 {[%emt 0:02:01]} Nxg4 {[%emt 0:01:38]} 18. Qxg4 {[%emt 0:00:24]} Bf6 {[%emt 0:06:20]} 19. Rd3 {[%emt 0:05:43]} Nc5 {[%emt 0:07:12]} 20. Bxc5 {[%emt 0:13:05]} dxc5 {[%emt 0:00:11]} 21. e5 {[%emt 0:00:12]} Be7 {[%emt 0:01:15]} 22. Rfd1 {[%emt 0:02:04]} c4 {[%emt 0:01:27]} 23. Rxd8 {[%emt 0:01:14]} Rxd8 {[%emt 0:02:14]} 24. Rxd8+ {[%emt 0:00:35]} Qxd8 {[%emt 0:01:03]} 25. Kh1 {[%emt 0:02:20]} g6 {[%emt 0:09:56]} 26. f5 {[%emt 0:00:53]} h5 {[%emt 0:02:37]} 27. Qg3 {[%emt 0:01:44]} Bh4 {[%emt 0:02:41]} 28. Qf3 {[%emt 0:01:38]} Qd4 {[%emt 0:02:41]} 29. fxg6 {[%emt 0:00:49]} fxg6 {[%emt 0:02:20]} 30. e6 {[%emt 0:01:29]} Qf6 {[%emt 0:00:42]} 31. Qe2 {[%emt 0:00:49]} Qf2 {[%emt 0:01:27]} 32. Qxf2 {[%emt 0:04:46]} Bxf2 {[%emt 0:00:07]} 33. Ne4 {[%emt 0:00:18]} Be1 {[%emt 0:02:55]} 34. Nd6 {[%emt 0:00:53]} Kf8 {[%emt 0:00:14]} 35. Nxb7 {[%emt 0:01:39]} Ke7 {[%emt 0:00:05]} 36. c3 {[%emt 0:00:30]} Kxe6 {[%emt 0:00:42]} 37. Nxa5 {[%emt 0:00:15]} Kd5 {[%emt 0:01:01]} 38. Nb7 {[%emt 0:00:41]} c5 39. a5 {[%emt 0:00:04]} Kc6 {[%emt 0:02:42]} 40. a6 {[%emt 0:00:30]} Bf2 {[%emt 0:00:11]} 41. Na5+ {[%emt 0:30:26]} Kb6 {[%emt 0:30:19]} 42. Nxc4+ {[%emt 0:00:30]} Kxa6 {[%emt 0:00:08]} 43. g4 {[%emt 0:00:39]} hxg4 {[%emt 0:00:53]} 44. hxg4 {[%emt 0:00:09]} Kb5 {[%emt 0:00:21]} 45. Ne5 {[%emt 0:01:02]} g5 {[%emt 0:00:00]} 46. Kg2 {[%emt 0:00:00]} Be3 {[%emt 0:00:00]} 47. Kf3 {[%emt 0:00:00]} Bf4 {[%emt 0:00:00]} 48. Nd3 {[%emt 0:00:00]} Bd6 {[%emt 0:00:00]} 49. Ke4 {[%emt 0:00:00]} Kc4 {[%emt 0:00:00]} 50. b4 {[%emt 0:00:00]} cxb4 {[%emt 0:00:00]} 51. cxb4 {[%emt 0:00:00]} Be7 {[%emt 0:00:00]} 52. Ne5+ {[%emt 0:00:00]} Kb5 {[%emt 0:00:00]} 53. Nd3 {[%emt 0:00:00]} Kc4 {[%emt 0:00:00]} 54. Ne5+ {[%emt 0:00:00]} Kb5 {[%emt 0:00:00]} 55. Kf5 {[%emt 0:00:00]} Bxb4 {[%emt 0:00:00]} 56. Kxg5 {[%emt 0:00:00]} Bd2+ {[%emt 0:00:00]} 57. Kf5 {[%emt 0:00:00]} Kc5 {[%emt 0:00:00]} 58. Nd3+ {[%emt 0:00:00]} Kd6 {[%emt 0:00:00]} 59. Nf4 {[%emt 0:00:00]} Ke7 {[%emt 0:00:00]} 60. g5 {[%emt 0:00:00]} Bxf4 {[%emt 0:00:00]} 61. Kxf4 {[%emt 0:00:00]} Kf7 {[%emt 0:00:00]} 62. Kg4 {[%emt 0:00:00]} Kg6 {[%emt 0:00:00]} 63. Kh4 {[%emt 0:00:00]} Kg7 {[%emt 0:00:00]} 64. Kh5 {[%emt 0:00:00]} Kh7 {[%emt 0:00:00]} 65. g6+ {[%emt 0:00:00]} Kg7 {[%emt 0:00:00]} 66. Kg5 {[%emt 0:00:00]} Kg8 {[%emt 0:00:00]} 67. Kf6 {[%emt 0:00:00]} Kf8 {[%emt 0:00:00]} 1/2-1/2

[Event "22nd Ruzomberok Open 2019"]
[Site "Ruzomberok"]
[Date "2019.07.05"]
[Round "7.22"]
[White "Cernekova, Martina"]
[Black "Salomons, Lorenzo"]
[Result "0-1"]
[WhiteElo "1659"]
[BlackElo "1842"]
[Annotator "NA"]
[PlyCount "64"]
[EventDate "2019.06.29"]
[EventType "swiss"]
[EventCountry "SVK"]
[SourceTitle "playchess.com"]
[Source "ChessBase"]
[SourceQuality "1"]
[TimeControl "40/5400+30:1800+30"]

1. d4 {[%emt 0:02:17]} d5 {[%emt 0:00:41]} 2. c4 {[%emt 0:00:04]} e6 {[%emt 0:00:56]} 3. Nc3 {[%emt 0:00:08]} Nf6 {[%emt 0:00:14]} 4. Bg5 {[%emt 0:00:15]} Be7 {[%emt 0:00:07]} 5. e3 {[%emt 0:00:29]} h6 {[%emt 0:01:38]} 6. Bh4 {[%emt 0:00:15]} O-O {[%emt 0:02:30]} 7. Nf3 {[%emt 0:00:18]} b6 {[%emt 0:01:22]} 8. cxd5 {[%emt 0:00:40]} Nxd5 {[%emt 0:00:08]} 9. Bxe7 {[%emt 0:00:26]} Qxe7 {[%emt 0:00:06]} 10. Nxd5 {[%emt 0:00:19]} exd5 {[%emt 0:00:09]} 11. Bd3 {[%emt 0:00:42]} Be6 {[%emt 0:00:30]} 12. O-O {[%emt 0:00:44]} c5 {[%emt 0:00:40]} 13. b3 {[%emt 0:00:51]} Rc8 {[%emt 0:03:58]} 14. Rc1 {[%emt 0:00:39]} Nd7 {[%emt 0:01:05]} 15. Qc2 {[%emt 0:00:57]} Rc7 {[%emt 0:01:18]} 16. Bf5 {[%emt 0:00:59]} c4 {[%emt 0:16:31]} 17. Bxe6 {[%emt 0:01:50]} Qxe6 {[%emt 0:01:18]} 18. Qe2 {[%emt 0:01:07]} b5 {[%emt 0:06:37]} 19. b4 {[%emt 0:01:33]} a5 {[%emt 0:03:44]} 20. a3 {[%emt 0:01:00]} axb4 {[%emt 0:00:09]} 21. axb4 {[%emt 0:00:15]} Ra4 {[%emt 0:03:34]} 22. Qb2 {[%emt 0:00:38]} Qd6 {[%emt 0:00:50]} 23. Ra1 {[%emt 0:01:13]} c3 {[%emt 0:05:31]} 24. Qc2 {[%emt 0:01:05]} Rxb4 {[%emt 0:02:40]} 25. Ra8+ {[%emt 0:00:58]} Nf8 {[%emt 0:00:19]} 26. Ne5 {[%emt 0:00:58]} Rb2 {[%emt 0:01:15]} 27. Qf5 {[%emt 0:01:00]} c2 {[%emt 0:01:22]} 28. Nd3 {[%emt 0:01:38]} Rb1 {[%emt 0:01:16]} 29. Nc1 {[%emt 0:01:21]} b4 {[%emt 0:03:00]} 30. Rc8 {[%emt 0:00:26]} b3 {[%emt 0:02:27]} 31. Rxc7 {[%emt 0:03:42]} Qxc7 {[%emt 0:00:35]} 32. Qxd5 {[%emt 0:00:34]} b2 {[%emt 0:01:33]} 0-1

[Event "22nd Ruzomberok Open 2019"]
[Site "Ruzomberok"]
[Date "2019.07.05"]
[Round "7.23"]
[White "Ucekajova, Veronika"]
[Black "Verba, Vladimir"]
[Result "1-0"]
[WhiteElo "1836"]
[BlackElo "1708"]
[Annotator "NA"]
[PlyCount "37"]
[EventDate "2019.06.29"]
[EventType "swiss"]
[EventCountry "SVK"]
[SourceTitle "playchess.com"]
[Source "ChessBase"]
[SourceQuality "1"]
[TimeControl "40/5400+30:1800+30"]

1. e4 {[%emt 0:00:00]} c5 {[%emt 0:00:00]} 2. Nf3 {[%emt 0:00:00]} g6 {[%emt 0:00:08]} 3. d4 {[%emt 0:00:06]} cxd4 {[%emt 0:00:20]} 4. Nxd4 {[%emt 0:00:09]} Bg7 {[%emt 0:01:17]} 5. Nc3 {[%emt 0:00:19]} Nc6 {[%emt 0:00:34]} 6. Nxc6 {[%emt 0:00:15]} bxc6 {[%emt 0:00:40]} 7. Bc4 {[%emt 0:00:10]} d6 {[%emt 0:00:59]} 8. O-O {[%emt 0:00:10]} Nf6 {[%emt 0:00:10]} 9. e5 {[%emt 0:00:19]} Ng8 {[%emt 0:04:23]} 10. exd6 {[%emt 0:02:12]} exd6 {[%emt 0:09:28]} 11. Re1+ {[%emt 0:01:31]} Ne7 {[%emt 0:01:03]} 12. Bg5 {[%emt 0:04:58]} f6 {[%emt 0:03:17]} 13. Bf4 {[%emt 0:02:27]} d5 {[%emt 0:01:08]} 14. Bxd5 {[%emt 0:15:19]} cxd5 {[%emt 0:02:04]} 15. Nxd5 {[%emt 0:00:13]} Kf7 {[%emt 0:13:15]} 16. Rxe7+ {[%emt 0:01:03]} Qxe7 {[%emt 0:00:07]} 17. Nxe7 {[%emt 0:00:12]} Kxe7 {[%emt 0:00:10]} 18. Qd6+ {[%emt 0:07:02]} Kf7 {[%emt 0:01:56]} 19. Qd5+ {[%emt 0:00:38]} 1-0

[Event "22nd Ruzomberok Open 2019"]
[Site "Ruzomberok"]
[Date "2019.07.05"]
[Round "7.25"]
[White "Profant, Jan"]
[Black "Zilkay, Dominik"]
[Result "0-1"]
[WhiteElo "1871"]
[BlackElo "1328"]
[Annotator "NA"]
[PlyCount "48"]
[EventDate "2019.06.29"]
[EventType "swiss"]
[EventCountry "SVK"]
[SourceTitle "playchess.com"]
[Source "ChessBase"]
[SourceQuality "1"]
[TimeControl "40/5400+30:1800+30"]

1. c4 {[%emt 0:00:00]} e5 {[%emt 0:01:43]} 2. g3 {[%emt 0:01:05]} Nc6 {[%emt 0:00:07]} 3. Bg2 {[%emt 0:00:08]} f5 {[%emt 0:00:09]} 4. d3 {[%emt 0:00:39]} Nf6 {[%emt 0:00:36]} 5. a3 {[%emt 0:00:10]} a5 {[%emt 0:00:30]} 6. Nc3 {[%emt 0:00:14]} Be7 {[%emt 0:01:13]} 7. Nh3 {[%emt 0:00:21]} O-O {[%emt 0:01:32]} 8. O-O {[%emt 0:00:13]} d6 {[%emt 0:04:24]} 9. Rb1 {[%emt 0:03:30]} Qe8 {[%emt 0:02:16]} 10. b4 {[%emt 0:00:28]} axb4 {[%emt 0:00:50]} 11. axb4 {[%emt 0:00:02]} f4 {[%emt 0:18:32]} 12. Ng5 {[%emt 0:14:13]} Qh5 {[%emt 0:01:13]} 13. Nf3 {[%emt 0:00:15]} Bh3 {[%emt 0:05:46]} 14. Nd5 {[%emt 0:18:43]} Ng4 {[%emt 0:00:12]} 15. Bb2 {[%emt 0:00:27]} fxg3 {[%emt 0:04:45]} 16. fxg3 {[%emt 0:03:33]} Bxg2 {[%emt 0:00:11]} 17. Kxg2 {[%emt 0:00:14]} Rxf3 {[%emt 0:00:53]} 18. Kxf3 {[%emt 0:00:35]} Rf8+ {[%emt 0:00:20]} 19. Nf4 {[%emt 0:00:52]} exf4 {[%emt 0:00:36]} 20. gxf4 {[%emt 0:01:41]} Nce5+ {[%emt 0:05:02]} 21. Ke4 {[%emt 0:01:08]} Nc6 {[%emt 0:01:35]} 22. f5 {[%emt 0:09:45]} Bg5 {[%emt 0:01:08]} 23. Rh1 {[%emt 0:08:09]} Re8+ {[%emt 0:01:09]} 24. Kf3 {[%emt 0:00:10]} Qh3# {[%emt 0:00:05]} 0-1

[Event "22nd Ruzomberok Open 2019"]
[Site "Ruzomberok"]
[Date "2019.07.05"]
[Round "7.26"]
[White "Bartanus, Stanislav"]
[Black "Cabanova, Kristina"]
[Result "1/2-1/2"]
[WhiteElo "1781"]
[BlackElo "1728"]
[Annotator "NA"]
[PlyCount "87"]
[EventDate "2019.06.29"]
[EventType "swiss"]
[EventCountry "SVK"]
[SourceTitle "playchess.com"]
[Source "ChessBase"]
[SourceQuality "1"]
[TimeControl "40/5400+30:1800+30"]

1. c4 {[%emt 0:00:00]} e6 {[%emt 0:00:00]} 2. Nc3 {[%emt 0:00:19]} d5 {[%emt 0:00:38]} 3. cxd5 {[%emt 0:01:50]} exd5 {[%emt 0:00:10]} 4. g3 {[%emt 0:00:14]} Nf6 {[%emt 0:00:15]} 5. Bg2 {[%emt 0:00:08]} c6 {[%emt 0:00:14]} 6. d3 {[%emt 0:01:32]} Bd6 {[%emt 0:01:34]} 7. Nf3 {[%emt 0:02:02]} O-O {[%emt 0:02:43]} 8. O-O {[%emt 0:00:38]} Bg4 {[%emt 0:01:17]} 9. h3 {[%emt 0:03:39]} Bh5 {[%emt 0:00:59]} 10. Qb3 {[%emt 0:02:16]} Qc7 {[%emt 0:01:01]} 11. Bg5 {[%emt 0:01:05]} Nbd7 {[%emt 0:00:41]} 12. Rac1 {[%emt 0:00:30]} Qb6 {[%emt 0:01:46]} 13. Qxb6 {[%emt 0:05:33]} axb6 {[%emt 0:00:40]} 14. a3 {[%emt 0:01:55]} Rfe8 {[%emt 0:01:34]} 15. Rfe1 {[%emt 0:00:27]} b5 {[%emt 0:04:30]} 16. e4 {[%emt 0:07:54]} Bxf3 {[%emt 0:04:45]} 17. Bxf3 {[%emt 0:00:31]} Ne5 {[%emt 0:00:24]} 18. Be2 {[%emt 0:00:30]} d4 {[%emt 0:00:59]} 19. Na2 {[%emt 0:02:33]} Nfd7 {[%emt 0:03:11]} 20. f4 {[%emt 0:02:15]} Ng6 {[%emt 0:00:38]} 21. Bg4 {[%emt 0:00:47]} Nc5 {[%emt 0:01:38]} 22. Nb4 {[%emt 0:02:25]} h6 {[%emt 0:02:23]} 23. e5 {[%emt 0:00:45]} Bf8 {[%emt 0:00:10]} 24. Bh4 {[%emt 0:00:35]} Nxh4 {[%emt 0:07:21]} 25. gxh4 {[%emt 0:00:10]} Ra4 {[%emt 0:00:14]} 26. Bd1 {[%emt 0:00:16]} Rxb4 {[%emt 0:00:42]} 27. axb4 {[%emt 0:00:16]} Nxd3 {[%emt 0:00:06]} 28. Bb3 {[%emt 0:00:35]} Bxb4 {[%emt 0:02:15]} 29. Rf1 {[%emt 0:00:11]} Nxc1 {[%emt 0:00:26]} 30. Rxc1 {[%emt 0:00:02]} Bd2 {[%emt 0:01:15]} 31. Rf1 {[%emt 0:00:08]} b6 {[%emt 0:02:05]} 32. Kg2 {[%emt 0:00:29]} Kf8 {[%emt 0:01:17]} 33. Kf3 {[%emt 0:00:06]} c5 {[%emt 0:01:01]} 34. Bd5 {[%emt 0:00:49]} Rd8 {[%emt 0:02:21]} 35. Ke4 {[%emt 0:01:31]} Be3 {[%emt 0:01:27]} 36. Ra1 {[%emt 0:01:41]} Bxf4 {[%emt 0:11:55]} 37. Ra7 {[%emt 0:00:55]} Bg3 {[%emt 0:07:14]} 38. Rxf7+ {[%emt 0:00:50]} Ke8 {[%emt 0:00:06]} 39. Rxg7 {[%emt 0:00:27]} Bxh4 {[%emt 0:00:21]} 40. Rh7 {[%emt 0:01:58]} Bg5 {[%emt 0:00:49]} 41. h4 {[%emt 0:33:04]} Bxh4 {[%emt 0:31:31]} 42. Rxh6 {[%emt 0:00:02]} Be7 {[%emt 0:00:44]} 43. Bc6+ {[%emt 0:02:43]} Kf7 {[%emt 0:02:28]} 44. Rh7+ 1/2-1/2